Gaming Quiz

Random Gaming Quiz

Most and Least Alphabetic Yugioh! Cards Quiz Stats

 Plays Quiz not verified by Sporcle

Score 0/35 Timer 02:00
0 Plays Today
% Correct
Zoodiac Barrage
71.4%
3-Hump Lacooda
57.1%
'A' Cell Breeding Device
57.1%
Zoodiac Xiangke
42.9%
ZW - Unicorn Spear
28.6%
A Feint Plan
14.3%

You're not logged in!

Compare scores with friends on all Sporcle quizzes.
OR
Log In

Sporcle TV

Today on Sporcle TV


Watch our educational content, quiz creation guides, and fun videos on Sporcle TV.

Show Comments

Extras

Top Quizzes Today


Score Distribution

Your Account Isn't Verified!

In order to create a playlist on Sporcle, you need to verify the email address you used during registration. Go to your Sporcle Settings to finish the process.

Report this User

Report this user for behavior that violates our Community Guidelines.

Details: